00418nam a2200169Ia 4500003000400000005001700004008004100021020001400062040000700076041000800083082002300091100002700114245004800141260002800189300001700217365001400234OSt20230413101323.0210423s2008 xx 000 0 und d a415282594 cAL aeng a808.003 223bHERD aHERMAN (David);others. aRoutledge encyclopedia of narrative theory. aLondonbRoutledgec2008 axxix,718bHB b1195cINR